South African Cuisine by Images - Statistics

General Stats
  • This quiz has been taken 17 times
  • The average score is 5 of 14
Answer Stats
Picture Answer % Correct
Bunny Chow
75%
Malva Pudding
63%
Bobotie
56%
Gatsby
50%
Chakalaka and Pap
38%
Melktert
38%
Vetkoek
38%
Koeksisters
31%
Potjiekos
31%
Sosatie
19%
Peppermint Crisp Tart
13%
Pap en Sous
6%
Cape Malay Curry
0%
Denningvleis
0%
No matching quizzes found
Score Distribution
Percent of People with Each Score
Percentile by Number Answered
Your Score History
You have not taken this quiz